Climate change studies in Indian agriculture (Record no. 55667)

MARC details
000 -LEADER
fixed length control field 00358nam a2200133Ia 4500
100 ## - MAIN ENTRY--AUTHOR NAME
Personal name Kavikumar K S
245 #0 - TITLE STATEMENT
Title Climate change studies in Indian agriculture
260 ## - PUBLICATION, DISTRIBUTION, ETC. (IMPRINT)
Name of publisher Economic and Political Weekly
Year of publication 2007
300 ## - PHYSICAL DESCRIPTION
Number of Pages 13-18
650 ## - SUBJECT ADDED ENTRY--TOPICAL TERM
Topical Term Climate change
650 ## - SUBJECT ADDED ENTRY--TOPICAL TERM
Topical Term Indian agriculture
942 ## - ADDED ENTRY ELEMENTS (KOHA)
Koha item type Journals
Holdings
Withdrawn status Lost status Damaged status Not for loan Home library Current library Shelving location Date acquired Serial Enumeration / chronology Koha item type
      Journals RRII Library RRII Library Rubber general 11/01/2008 Volume XLII, Issue 45-46 Journals